000 00870cam a2200229 i 4500
005 20251111090238.0
008 250721s2021 xx gr 000 0 ara d
020 _a9789921730609
041 1 _aara
_heng
082 1 4 _a158
_bب ا ر
100 1 _aبارنز، آنا
_eمؤلف.
240 1 0 _aThe A-Z of Mindfulness How to Be More present Every Day.
245 1 2 _aاليقظه الذهنية From A to Z :
_bكيف تكون حاضرا أكثر كل يوم /
_cآنا بارنز ؛ ترجمة:منيرة محمد البشيتي.
264 3 1 _bاي كاريزما،
_c2021.
_a( غير معرف).
300 _a125صفحة.
650 1 7 _aعلم النفس التطبيقي.
650 1 7 _aتطوير الذات.
650 1 7 _aالشخصية.
700 1 _aالبيشي، منيرة محمد
_eمترجم.
942 _2ddc
_cBK
999 _c144345
_d144345